000 00407nam a2200133Ia 4500
008 100328s9999 xx 000 0 und d
082 _b30724
100 _aतेंडुलकर विजय
245 _aअजगर आणि गंधर्व
260 _bमौज
630 _aअजगर आणि गंधर्व
730 _aअजगर आणि गंधर्व
942 _cBOOK
999 _c521689
_d521686